| 000 | 00744nam a22001817a 4500 | ||
|---|---|---|---|
| 999 |
_c15012 _d15012 |
||
| 003 | OSt | ||
| 082 | _2631.75 807 ATH/PR | ||
| 088 | _aP 235 | ||
| 100 |
_aATHULYA C _aSAJIRA A. K _93869 |
||
| 245 | _aPrioritization of sub watersheds of a river basin using geographic information system | ||
| 260 |
_aTavanur 2012 _bDepartment of Land and Water Resources and Conservation Engineering |
||
| 300 | _a40 | ||
| 500 | _aPrioritization of sub watersheds of a river basin using geographic information system | ||
| 520 | _aPrioritization of sub watersheds of a river basin using geographic information system | ||
| 700 |
_aDr. Sathian K. K (Guide) _93449 |
||
| 856 | _uhttps://drive.google.com/open?id=1iEdBmgDFZxH-9MuYlrnOeZkWYYSKZ5D5 | ||
| 942 | _cPR | ||